01581nam a2200361 a 4500001001000000003000500010005001700015008004100032010001100073011001100084040000900095090001000104100004700114245018300161260004100344500006000385502007600445590004100521590004000562590004000602650004200642650003500684650002300719650003200742650005700774856007000831901000700901942001000908942000600918999001900924952014000943952013601083000111252CHAP20220329144204.0150122s2014 mx a fsm |||||||spa d a107714 a108686 cCHAP aTesis1 aVara Domínguez, Nohemy Margarita912909110aUso de pasta detoxificada de higuerilla (Ricinus communis L.) como alimentos para pollos de engorda (Gallus gallus domesticus)h[En línea]cpor Nohemy Margarita Vara Dominguez. aChapingo, Méx. :bEl autor,c2014. aPara ver el contenido del material haga clic en la liga aTesis (Ing. Agr. Esp. en Zootecnia) -- UACH. Departamento de Zooctecnia aE11695DGDb10c20150123lUCH01h1204 aE5995AHEb05c20150122lUCH01h1205 aE5995AHEb05c20150122lUCH01h131414aAves de corralxAlimentación.9863814aAves de corralxEngorda.9864714aHiguerilla.95536514aPastas alimenticias.98590614aProteínas en nutrición de aves de corral.992455 aFinding aiduhttp://10.13.5.2/tesis/sist111252.pdfzTeclea aquí aBK cTESIS n0 c107714d107714 00102local4053708TESISaBCbBCcPA_TESISd2015-01-22fTESISl0oTesisp33724002442322r2019-12-31 00:00:00tc.2w2019-12-31yTESIS 00104054718TESISaBCbBCd2015-01-22fTESISl0oTesisp33724002442363r2019-12-31 00:00:00w2019-12-31yTESISzRecien adquirido